| 000 | 01254nam a2200217Ia 4500 | ||
|---|---|---|---|
| 003 | Ost | ||
| 005 | 20260416102357.0 | ||
| 008 | 260416s9999||||xx |||||||||||||| ||und|| | ||
| 040 | _cfsecg | ||
| 041 | _aara | ||
| 082 | _a1.5 | ||
| 100 |
_aزعيمن، سميرة _eمؤلف |
||
| 245 | 0 |
_a مدخل للإعلام الرياضي : _bالمستوى :السنة الاولى ليسانس / _cسميرة زعيمن |
|
| 260 |
_aالجزائر _bجامعة الجزائر3: كلية العلوم الإقتصادية، العلوم التجارية وعلوم التسيير _c2021 |
||
| 300 |
_a70 ورقة _bايضاحات _c12 سم |
||
| 504 | _aالمراجع ص.2 | ||
| 520 | _aمراحل التطور التاريخي للاتصال و الاعلام ، الاعلام و نظرياته ، الاعلام الرياضي و أهميته ، الاعلام الرياضي سيكولوجيا، الصحافة الرياضية ، أهداف ووظائف الصحافة الرياضية ، تأثيرات الصحافة الرياضية . | ||
| 653 | _aالاعلام | ||
| 710 |
_aجامعة الجزائر3: كلية العلوم الإقتصادية، العلوم التجارية وعلوم التسيير _eناشر علمي |
||
| 942 | _cHANDOUT | ||
| 999 |
_c41249 _d41249 |
||